000
00299nam a22001337a 4500
008
181008b xxu||||| |||| 00| 0 eng d
020
_a
9780132751254
041
_a
eng
080
_2
9 ED
_a
330.722
100
_a
62
101
_a
mnf
245
_a
Financial Accouting
_c
Thomas.H
942
_2
udc
_c
BK
999
_c
49048
_d
49048